000 01085nam a2200277Ia 4500
003 OSt
005 20220923211553.0
006 a|||||r|||| 00| 0
007 ta
008 220922b |||||||| |||| 00| 0 san d
020 _a9789385309427 (hbk)
_c550
024 _a348,203
037 _b240, 16/01/2019, Eastern Book Linkers
_cTextual
040 _aARTS
_cARTS
_bsan
041 _2san
_asan
082 _aO15,1NN1,SR, 152Q7
100 _aदास, हरीश, ले.
245 0 _aश्रीरामचरिताब्धि रत्नम्
_b एक अप्रतिम महाकाव्य
246 _aShrīrāmacharitābdhi ratnam: ek apratim hinākāvya
260 _aवाराणसी
_b कला प्रकाशन
_c2017
300 _a272पृ0
_ccm.
650 _a संस्कृत साहित्य
650 _aसंस्कृत कविता
_9156350
942 _hO15,1NN1,SR, 152Q7
_cTEXL
_2CC
999 _c300855
_d300855